| Tag |
First Indicator |
Second Indicator |
Subfields |
| LEADER |
00000cas a2200000 a 4500 |
| 001 |
in00004493607 |
| 005 |
20191203082056.0 |
| 006 |
m d |
| 007 |
cr cn -------- |
| 008 |
980223c19969999ne uu p s 0 a0eng d |
| 010 |
|
|
|a sn 98040941
|
| 016 |
7 |
|
|a 9806362
|2 DNLM
|
| 016 |
7 |
|
|a SR0092548
|2 DNLM
|
| 022 |
|
|
|a 0304-419X
|
| 035 |
|
|
|a (OCoLC)ocm38492211
|
| 035 |
|
|
|z (UtOrBLW)30839
|
| 035 |
|
|
|a 46029
|
| 040 |
|
|
|a OH1
|c OH1
|d NLM
|d CUS
|d UtOrBLW
|
| 042 |
|
|
|a lcd
|
| 049 |
|
|
|a TMVM
|
| 060 |
|
4 |
|a QZ 200
|
| 060 |
1 |
0 |
|a WWW
|
| 130 |
0 |
|
|a Biochimica et biophysica acta. Reviews on cancer (Online)
|
| 245 |
1 |
0 |
|a Biochimica et biophysica acta.
|p Reviews on cancer.
|
| 246 |
1 |
3 |
|a BBA reviews on cancer online
|
| 246 |
1 |
3 |
|a ROCO
|
| 264 |
|
1 |
|a [New York] :
|b Elsevier Science Pub. Co
|
| 336 |
|
|
|a text
|2 rdacontent
|b txt
|
| 337 |
|
|
|a computer
|2 rdamedia
|
| 338 |
|
|
|a online resource
|2 rdacarrier
|b cr
|
| 362 |
1 |
|
|a Coverage as of Dec. 8, 2014: Vol. 355, no. 1 (Apr. 29, 1974)-
|
| 500 |
|
|
|a Description based on: Volume 1242, number 1 (Jul. 28, 1995); title from general information screen (viewed Nov. 13, 2001).
|
| 506 |
|
|
|a This title is restricted to authorized TAMU and TAMHSC users.
|
| 516 |
|
|
|a Abstracts, tables of contents, and citation information are HTML encoded; articles are available in portable document format (PDF).
|
| 530 |
|
|
|a Online version of the print title: Biochimica et biophysica acta. Reviews on cancer.
|
| 538 |
|
|
|a Mode of access: Wolrd Wide Web.
|
| 500 |
|
|
|a Electronic resource.
|
| 650 |
|
2 |
|a Neoplasms.
|
| 655 |
|
2 |
|a Periodicals.
|
| 710 |
2 |
|
|a Elsevier Science (Firm)
|
| 730 |
0 |
|
|a Biochimica et biophysica acta.
|
| 776 |
1 |
|
|t Biochimica et biophysica acta (Print)
|x 0006-3002
|w (DLC) 49048142
|w (OCoLC)01536398
|
| 948 |
|
|
|a Online access via Science Direct 1/3/2018
|
| 999 |
|
|
|a MARS
|
| 999 |
f |
f |
|s 441e2f7c-b229-3953-a489-c60e08951031
|i 7b3acfc8-3c12-3ba6-b95b-3ac00ec98e47
|t 0
|
| 952 |
f |
f |
|a Texas A&M University
|b College Station
|c Electronic Resources
|d Available Online
|t 0
|e Online Journal
|h Other scheme
|
| 998 |
f |
f |
|a Online Journal
|t 0
|l Available Online
|